| 000 | 00397nam a2200133Ia 4500 | ||
|---|---|---|---|
| 005 | 20260326100040.0 | ||
| 008 | 260326s9999||||xx |||||||||||||| ||und|| | ||
| 100 | _aDe la Colina Riquelme, Manuel | ||
| 245 | 0 |
_aHexaedro : _b Seis facetas de la Arquitectura / _cManuel De la Colina Riquelme |
|
| 260 | _bUniversidad Nacional Autónoma de México | ||
| 300 | _a230 p. | ||
| 650 | _aEGIPTO | ||
| 942 | _cBK | ||
| 999 |
_c6962 _d6962 |
||